El derecho a morir dignamente desde una perspectiva constitucional / (Registro nro. 6058)
[ vista simple ]
| 000 -LEADER | |
|---|---|
| fixed length control field | 01196nab a22002177a 4500 |
| 003 - CONTROL NUMBER IDENTIFIER | |
| control field | OSt |
| 005 - DATE AND TIME OF LATEST TRANSACTION | |
| control field | 20260120235357.0 |
| 008 - FIXED-LENGTH DATA ELEMENTS--GENERAL INFORMATION | |
| fixed length control field | 190514b xxu||||| |||| 00| 0 spa d |
| 040 ## - CATALOGING SOURCE | |
| Transcribing agency | PJ |
| 100 ## - MAIN ENTRY--PERSONAL NAME | |
| 9 (RLIN) | 6840 |
| Personal name | Berra, Elisabeth I. |
| 245 13 - TITLE STATEMENT | |
| Title | El derecho a morir dignamente desde una perspectiva constitucional / |
| Statement of responsibility, etc | Elisabeth I. Berra. |
| 300 ## - PHYSICAL DESCRIPTION | |
| Extent | p. 192-203 |
| 500 ## - GENERAL NOTE | |
| General note | Cita: TR LALEY AR/DOC/258/2024. |
| 505 ## - FORMATTED CONTENTS NOTE | |
| Formatted contents note | Sumario: I. Introducción.— II. El caso "S. O., R. M. y otros c. Municipalidad de Córdoba".— III. El derecho a una muerte digna en el sistema jurídico argentino.— IV. El derecho a la objeción de conciencia de los profesionales de la salud.— V. Reflexiones finales. |
| 505 ## - FORMATTED CONTENTS NOTE | |
| Title | Fallo comentado: TS Córdoba, sala electoral, de comp. originaria y asuntos institucionales ~ 02/11/2023 ~ S. O., R. M. y otros c. Municipalidad de Córdoba s/ amparo ley 4915. |
| 650 #0 - SUBJECT ADDED ENTRY--TOPICAL TERM | |
| 9 (RLIN) | 967 |
| Topical term or geographic name as entry element | DERECHO DE FAMILIA |
| 650 #0 - SUBJECT ADDED ENTRY--TOPICAL TERM | |
| 9 (RLIN) | 1271 |
| Topical term or geographic name as entry element | MUERTE DIGNA |
| 650 #0 - SUBJECT ADDED ENTRY--TOPICAL TERM | |
| 9 (RLIN) | 1057 |
| Topical term or geographic name as entry element | JURISPRUDENCIA APLICABLE |
| 773 0# - HOST ITEM ENTRY | |
| Host Biblionumber | 2844 |
| Host Itemnumber | 3222 |
| Place, publisher, and date of publication | Buenos Aires : AbeledoPerrot, 1989- |
| Title | Derecho de familia. Revista Interdisciplinaria de doctrina y jurisprudencia. Abril 2024-II. |
| International Standard Book Number | 18511201 |
| 942 ## - ADDED ENTRY ELEMENTS (KOHA) | |
| Source of classification or shelving scheme | |
| Koha item type | Analítica Artículo de Revista |
No hay ítems disponibles.
